El 35 de mayo o Konrad cabalga por el océano Pacífico / (Registro nro. 10196)

Detalles MARC
000 -LIDER
fixed length control field 00953nam a22002897a 4500
001 - NÚMERO DE CONTROL
Identificador de número de control 7247
003 - IDENTIFICACDOR DE NÚMERO DE CONTROL
control field DO-SdBNP
005 - DATE AND TIME OF LATEST TRANSACTION
control field 20180119123841.0
007 - CAMPOS FIJOS DE DESCRIPCIÓN FÍSICA
fixed length control field 7247
008 - ELEMENTOS DE LONGITUD FIJA
fixed length control field 900426s1990 sp spa
016 7# - NO. DE CONTROL DE LA AGENCIA BIB. NACIONAL
Source BPMSU
020 ## - ISBN
International Standard Book Number 8434586312
040 ## - FUENTE DE CATALOGACIÓN
Agencia que crea de manera original el registro BPMSU
Idioma de catalogación spa
Agencia que realiza la transcripción BPMSU
100 1# - ASIENTO PRINCIPAL -- NOMBRE PERSONAL
Nombre personal Kästner, Erich
Fechas asociadas con el nombre 1899-1974
240 ## - TITULO UNIFORME
Título uniforme der 35 mai order Konrad reited in die sudsse.
Idioma de una obra español
245 13 - MENCIÓN DE TITULO
Título El 35 de mayo o Konrad cabalga por el océano Pacífico /
Mención de responsabilidad Erich Kästner
246 13 - VARIACION DEL TÍTULO
Título propiamente dicho o título corto El treinta y cinco de mayo o Konrad cabalga por el Océano Pacífico
260 ## - PUBLICACIÓN, DISTRIBUCIÓN, ETC. (PIE DE IMPRENTA)
Lugar de publicación, distribución, etc Barcelona :
Nombre del editor, distribuidor, etc. Alfaguara,
Fecha de publicación, distribución, etc 1990
Fecha de impresión (10a. reimpresión)
300 ## - DESCRIPCIÓN FÍSICA
Extensión 118 p. ;
Otros detalles físicos il. :
Dimensiones 22 cm.
490 1# - MENCIÓN DE SERIES
Mención de serie Alfagura juvenil
Volume/sequential designation 24
740 30 - ASIENTO SECUNDARIO DE TÍTULOS RELACIONADOS O ANALÍTICOS NO CONTROLADOS
Título analítico o relacionado no controlado El 35 de mayo
740 0# - ASIENTO SECUNDARIO DE TÍTULOS RELACIONADOS O ANALÍTICOS NO CONTROLADOS
Título analítico o relacionado no controlado Konrad cabalga por el océano Pacífico
830 #0 - ASIENTO SECUNDARIO DE SERIE--TÍTULO UNIFORME
Título uniforme Alfagura juvenil
Volume number/sequential designation 24
942 ## - ADDED ENTRY ELEMENTS (KOHA)
Source of classification or shelving scheme Dewey Decimal Classification
Koha item type Libros
945 ## - INFORMACIÓN DE PROCESAMIENTO LOCAL
Información de procesamiento local Inventariado, 2018/MFF
956 ## - LOCAL ELECTRONIC LOCATION AND ACCESS (OCLC)
Nombre de host VMATEO
Método de acceso 10
Materiales especificados 20151119
Enlace BPMSU
Campo enlazado y núm. de secuencia 00151
Existencias
Withdrawn status Lost status Source of classification or shelving scheme Damaged status Not for loan Collection code Home library Current library Date acquired Source of acquisition Total Checkouts Barcode Date last seen Price effective from Koha item type
    Dewey Decimal Classification     Colección Infantil General Biblioteca Pública Metropolitana Salomé Ureña Biblioteca Pública Metropolitana Salomé Ureña 05/23/2016 FUNDI   BPMSU16050422 05/23/2016 05/23/2016 Libros